000 00648nam a2200229 a 4500
001 BRCA_3863
005 20190320204443.0
008 171209s1935----u--a######---#000-0#spa-#
041 _aspa
044 _au
050 4 _aF1234
_b.K56 1935
100 1 _aKing, Rosa E.
_910056
245 1 0 _aTempest over Mexico
_ba personal chronicle
_cRosa E. King ; ilustrated by Carroll Bill.
260 _aBoston
_bs.e.
_c1935
300 _a319 p.
_bil.
_c22 cm.
500 _aC22
651 4 _aCuernavaca, Morelos
_vHistoria
_y1910-1946
_910057
651 4 _aMéxico
_y1910-1946
_910058
700 1 _aBill, Carroll, il
_910059
902 _aGFM
942 _2lcc
_cB
999 _c3591
_d3591